Nations that Maintained Relations with China - Statistics

General Stats
  • This quiz has been taken 11 times
  • The average score is 19 of 30
Answer Stats
Date Continent with Most Land in Country % Correct
1 April, 1950 Asia India
100%
21 May, 1951 Asia Pakistan
89%
2 October, 1949 Asia Russia
89%
18 January, 1950 Asia Vietnam
89%
13 April, 1950 Asia Indonesia
78%
16 October, 1949 Asia Mongolia
78%
6 October, 1949 Asia North Korea
78%
7 October, 1949 Europe Poland
78%
17 June, 1954 Europe United Kingdom
78%
20 January, 1955 Asia Afghanistan
67%
19 July, 1958 Asia Cambodia
67%
28 October, 1950 Europe Finland
67%
25 August, 1958 Asia Iraq
67%
8 June, 1950 Asia Myanmar
67%
1 August, 1955 Asia Nepal
67%
5 October, 1954 Europe Norway
67%
5 October, 1949 Europe Romania
67%
9 May, 1950 Europe Sweden
67%
17 January, 1950 Europe Switzerland
67%
3 October, 1949 Europe Bulgaria
56%
11 May, 1950 Europe Denmark
56%
6 October, 1949 Europe Hungary
56%
23 November, 1949 Europe Albania
44%
4 October, 1949 Europe Czechia
44%
30 May, 1956 Africa Egypt
44%
2 January, 1955 Europe Serbia
44%
7 February, 1957 Asia Sri Lanka
44%
1 August, 1956 Asia Syria
44%
14 September, 1950 Europe Liechtenstein
33%
24 September, 1956 Asia Yemen
22%
No matching quizzes found
Score Distribution
Percent of People with Each Score
Percentile by Number Answered
Your Score History
You have not taken this quiz